000 00411nam a22001697a 4500
003 MPLRDC
005 20220104114743.0
008 210129b ||||| |||| 00| 0 eng d
082 _a487.71 RMRB
100 _a不详
245 _a各国新闻出版法选辑. 续编
_c
250 _a第一刷
260 _a
_b人民日报出版社
_c1987
300 _b
650 _a出版业
942 _cBK
_o487.71 RMRB
999 _c9958
_d9948